[Event "NB1 Charousek csoport"]
[Site "Dunaharaszti"]
[Date "2024.11.03"]
[Round "1.7"]
[White "Cseke, Richard"]
[Black "Tompa, Janos"]
[Result "1/2-1/2"]
[WhiteElo "2308"]
[BlackElo "2262"]
[PlyCount "46"]
[EventDate "2024.11.03"]
[EventType "team-tourn"]
[EventRounds "11"]
[EventCountry "HUN"]
[Source "chess.hu"]
[SourceDate "2024.11.04"]
[WhiteTeam "Sentimento Ajka BSK "]
[BlackTeam "Dunaharaszti MTK"]
[WhiteTeamCountry "HUN"]
[BlackTeamCountry "HUN"]

1. d4 Nf6 2. Bg5 Ne4 3. Bh4 d5 4. Nd2 Bf5 5. e3 c6 6. f3 Nxd2 7. Qxd2 Qb6 8.
O-O-O e6 9. Bd3 Bxd3 10. cxd3 c5 11. dxc5 Bxc5 12. d4 Bb4 13. Qd3 O-O 14. Ne2
Rc8+ 15. Kb1 Nc6 16. Rc1 Bf8 17. Be1 Na5 18. Bxa5 Qxa5 19. g4 Rc6 20. Rxc6 bxc6
21. Rc1 c5 22. dxc5 Bxc5 23. Nd4 Qb6 1/2-1/2

[Event "NB1 Charousek csoport"]
[Site "Dunaharaszti"]
[Date "2024.11.03"]
[Round "1.8"]
[White "Lorand, Norbert"]
[Black "Szelenyi, Norbert"]
[Result "1/2-1/2"]
[WhiteElo "2234"]
[BlackElo "2252"]
[PlyCount "75"]
[EventDate "2024.11.03"]
[EventType "team-tourn"]
[EventRounds "11"]
[EventCountry "HUN"]
[Source "chess.hu"]
[SourceDate "2024.11.04"]
[WhiteTeam "Dunaharaszti MTK"]
[BlackTeam "Sentimento Ajka BSK "]
[WhiteTeamCountry "HUN"]
[BlackTeamCountry "HUN"]

1. e4 c5 2. Nf3 a6 3. d4 cxd4 4. Nxd4 Nf6 5. Nc3 e5 6. Nf3 Bb4 7. Bd2 O-O 8.
Bd3 d6 9. h3 Qc7 10. O-O Bc5 11. Bg5 Nbd7 12. Nh4 h6 13. Bd2 Re8 14. Qf3 Qd8
15. Bc4 Nf8 16. Nf5 Bxf5 17. Qxf5 Qc8 18. Qf3 Bd4 19. Bb3 Bxc3 20. Bxc3 Qc6 21.
Rfe1 Ne6 22. Bd5 Qc7 23. Rad1 Nd4 24. Bxd4 Nxd5 25. Bxe5 Rxe5 26. exd5 Qxc2 27.
Rxe5 dxe5 28. d6 e4 29. Qg4 Rd8 30. d7 Kf8 31. Rd5 Qc1+ 32. Kh2 Qc7+ 33. g3 e3
34. fxe3 Qc2+ 35. Kg1 Qc1+ 36. Rd1 Qxe3+ 37. Kg2 Qe6 38. Qd4 1/2-1/2

[Event "NB1 Charousek csoport"]
[Site "Dunaharaszti"]
[Date "2024.11.03"]
[Round "1.9"]
[White "Kustar, Sandor"]
[Black "Baski, Barnabas"]
[Result "1/2-1/2"]
[WhiteElo "2260"]
[BlackElo "2187"]
[PlyCount "75"]
[EventDate "2024.11.03"]
[EventType "team-tourn"]
[EventRounds "11"]
[EventCountry "HUN"]
[Source "chess.hu"]
[SourceDate "2024.11.04"]
[WhiteTeam "Sentimento Ajka BSK "]
[BlackTeam "Dunaharaszti MTK"]
[WhiteTeamCountry "HUN"]
[BlackTeamCountry "HUN"]

1. Nf3 d5 2. c4 e6 3. g3 c5 4. cxd5 exd5 5. d4 Nf6 6. Bg2 Nc6 7. O-O Be7 8. Nc3
O-O 9. dxc5 Bxc5 10. Na4 Bd6 11. Bg5 Be6 12. Nd4 h6 13. Be3 Qe7 14. Rc1 Ne5 15.
Nb5 Rfd8 16. Nxd6 Qxd6 17. Bc5 Qd7 18. Bd4 Qd6 19. Nc5 Rab8 20. Nxe6 Qxe6 21.
Bxa7 Ra8 22. Bd4 Nc6 23. a3 Nxd4 24. Qxd4 Qxe2 25. Rfe1 Qb5 26. Bf1 Qd7 27. Qb4
Ne4 28. Rcd1 Qf5 29. Qd4 Ng5 30. Bg2 Rac8 31. h4 Nf3+ 32. Bxf3 Qxf3 33. Re3 Qf5
34. Re5 Qc2 35. Rd2 Qc1+ 36. Rd1 Qc2 37. Rd2 Qc1+ 38. Rd1 1/2-1/2

[Event "NB1 Charousek csoport"]
[Site "Dunaharaszti"]
[Date "2024.11.03"]
[Round "1.10"]
[White "Markos, Adam"]
[Black "Danada, Tomas"]
[Result "0-1"]
[WhiteElo "2102"]
[BlackElo "2175"]
[PlyCount "97"]
[EventDate "2024.11.03"]
[EventType "team-tourn"]
[EventRounds "11"]
[EventCountry "HUN"]
[Source "chess.hu"]
[SourceDate "2024.11.04"]
[WhiteTeam "Dunaharaszti MTK"]
[BlackTeam "Sentimento Ajka BSK "]
[WhiteTeamCountry "HUN"]
[BlackTeamCountry "HUN"]

1. e4 c5 2. Nf3 Nc6 3. d4 cxd4 4. Nxd4 Nf6 5. Nc3 d6 6. Bg5 g6 7. Bxf6 exf6 8.
Bc4 Bg7 9. Ndb5 O-O 10. O-O Na5 11. Be2 f5 12. Nxd6 fxe4 13. Ndxe4 Be6 14. Nc5
Bf5 15. Bd3 Qc7 16. Nb3 Rad8 17. Nxa5 Qxa5 18. Qf3 Be6 19. Be4 b6 20. Rfd1 Bxc3
21. bxc3 Rxd1+ 22. Qxd1 Qxc3 23. a4 Kg7 24. Bd3 Rd8 25. Qc1 Rd5 26. Ra3 Qd4 27.
c4 Rc5 28. Rc3 Bd7 29. Qa3 Bxa4 30. Bf1 Re5 31. Re3 Ra5 32. Rd3 Qc5 33. Qc3+
Qe5 34. Qd2 Bc6 35. Rh3 h5 36. Re3 Qf6 37. Rd3 Qg5 38. Qb2+ Qe5 39. Qd2 Qg5 40.
Qb2+ Qe5 41. Qd2 Ra1 42. Re3 Qf6 43. Rd3 Be4 44. Rd6 Qe5 45. Rd8 a5 46. c5 bxc5
47. f4 Qf6 48. Rd6 Ra2 49. Qe3 0-1

[Event "NB1 Charousek csoport"]
[Site "Dunaharaszti"]
[Date "2024.11.03"]
[Round "1.11"]
[White "Kozma, Karoly"]
[Black "Majoros, Rozsa Evelin"]
[Result "0-1"]
[WhiteElo "2180"]
[BlackElo "1983"]
[PlyCount "64"]
[EventDate "2024.11.03"]
[EventType "team-tourn"]
[EventRounds "11"]
[EventCountry "HUN"]
[Source "chess.hu"]
[SourceDate "2024.11.04"]
[WhiteTeam "Sentimento Ajka BSK "]
[BlackTeam "Dunaharaszti MTK"]
[WhiteTeamCountry "HUN"]
[BlackTeamCountry "HUN"]

1. Nf3 c5 2. g3 Nc6 3. Bg2 g6 4. O-O Bg7 5. e4 e6 6. c3 d5 7. exd5 exd5 8. d4
cxd4 9. Nxd4 Nxd4 10. cxd4 Be6 11. Nc3 Ne7 12. Bg5 f6 13. Re1 Bf7 14. Bf4 O-O
15. Qb3 Qd7 16. Rad1 Rfd8 17. h4 Nf5 18. Kh2 Rac8 19. Bh3 Be6 20. Nb5 Bf8 21.
Nxa7 Rc4 22. Qb6 Re8 23. Qb5 Ra8 24. Qb6 Re8 25. Nb5 Rc6 26. Qa5 Ra6 27. Qc7
Qxb5 28. Bf1 Qxb2 29. Rd2 Qb6 30. Bxa6 Qxa6 31. Rb1 b5 32. g4 Rc8 0-1

[Event "NB1 Charousek csoport"]
[Site "Dunaharaszti"]
[Date "2024.11.03"]
[Round "1.12"]
[White "Koronczai, Csongor"]
[Black "Halmavanszki, Dora"]
[Result "1-0"]
[WhiteElo "1768"]
[BlackElo "1656"]
[PlyCount "41"]
[EventDate "2024.11.03"]
[EventType "team-tourn"]
[EventRounds "11"]
[EventCountry "HUN"]
[Source "chess.hu"]
[SourceDate "2024.11.04"]
[WhiteTeam "Dunaharaszti MTK"]
[BlackTeam "Sentimento Ajka BSK "]
[WhiteTeamCountry "HUN"]
[BlackTeamCountry "HUN"]

1. e4 e5 2. Nc3 Nf6 3. f4 d6 4. Nf3 exf4 5. d4 Bg4 6. Bc4 Be7 7. Bxf4 O-O 8.
Qd3 Nc6 9. a3 Nd7 10. O-O-O Bf6 11. Qe3 Re8 12. h3 Bxf3 13. gxf3 Qc8 14. Rhg1
g6 15. Nd5 Bg7 16. Bg5 Kh8 17. Qf4 Rf8 18. Nf6 Nxf6 19. Bxf6 Bxf6 20. Qxf6+ Kg8
21. Rxg6+ 1-0

[Event "NB1 Charousek csoport"]
[Site "Komlo"]
[Date "2024.11.03"]
[Round "1.1"]
[White "Csonka, Attila Istvan"]
[Black "Csiszar, Csaba"]
[Result "1/2-1/2"]
[WhiteElo "2271"]
[BlackElo "2376"]
[PlyCount "20"]
[EventDate "2024.11.03"]
[EventType "team-tourn"]
[EventRounds "11"]
[EventCountry "HUN"]
[Source "chess.hu"]
[SourceDate "2024.11.04"]
[WhiteTeam "Haladas VSE"]
[BlackTeam "Komloi BSK"]
[WhiteTeamCountry "HUN"]
[BlackTeamCountry "HUN"]

1. e4 e6 2. d4 d5 3. Nd2 c5 4. dxc5 Bxc5 5. Nb3 Bb6 6. exd5 exd5 7. Nf3 Nf6 8.
Bb5+ Nc6 9. O-O O-O 10. Bg5 h6 1/2-1/2

[Event "NB1 Charousek csoport"]
[Site "Komlo"]
[Date "2024.11.03"]
[Round "1.2"]
[White "Ronai, Akos Balazs"]
[Black "Kiss, Attila"]
[Result "1-0"]
[WhiteElo "2195"]
[BlackElo "2286"]
[PlyCount "55"]
[EventDate "2024.11.03"]
[EventType "team-tourn"]
[EventRounds "11"]
[EventCountry "HUN"]
[Source "chess.hu"]
[SourceDate "2024.11.04"]
[WhiteTeam "Komloi BSK"]
[BlackTeam "Haladas VSE"]
[WhiteTeamCountry "HUN"]
[BlackTeamCountry "HUN"]

1. e4 c5 2. Nc3 a6 3. Nf3 b5 4. a4 b4 5. Ne2 Bb7 6. Ng3 h5 7. Bc4 e6 8. d3 h4
9. Ne2 h3 10. O-O hxg2 11. Re1 Nc6 12. c3 Bd6 13. Ng3 Ne5 14. Nxe5 Bxe5 15. Qf3
Qh4 16. Qxg2 O-O-O 17. Be3 bxc3 18. Bxc5 cxb2 19. Rab1 d5 20. exd5 exd5 21.
Bxa6 Bxa6 22. Rxe5 Qxa4 23. Rxd5 Nf6 24. Rxd8+ Rxd8 25. Qa8+ Kd7 26. Qa7+ Kc8
27. Bb6 Nd5 28. Qa8+ 1-0

[Event "NB1 Charousek csoport"]
[Site "Komlo"]
[Date "2024.11.03"]
[Round "1.3"]
[White "Trbojevic, Mladen"]
[Black "Karsa, Laszlo"]
[Result "1-0"]
[WhiteElo "2340"]
[BlackElo "2314"]
[PlyCount "81"]
[EventDate "2024.11.03"]
[EventType "team-tourn"]
[EventRounds "11"]
[EventCountry "HUN"]
[Source "chess.hu"]
[SourceDate "2024.11.04"]
[WhiteTeam "Haladas VSE"]
[BlackTeam "Komloi BSK"]
[WhiteTeamCountry "HUN"]
[BlackTeamCountry "HUN"]

1. e4 e5 2. Nf3 Nc6 3. Bb5 a6 4. Ba4 Nf6 5. d3 d6 6. c3 Bd7 7. O-O g6 8. Re1
Bg7 9. Nbd2 O-O 10. Nf1 b5 11. Bb3 Na5 12. Bc2 c5 13. Bg5 h6 14. Bh4 Nc6 15.
Ne3 Be6 16. a4 Qd7 17. Bb3 Na5 18. Bxe6 fxe6 19. axb5 axb5 20. Ra2 Nh5 21. Qc2
Nc6 22. Rea1 Rab8 23. Ra6 Nf4 24. Bg3 d5 25. d4 cxd4 26. exd5 exd5 27. Bxf4
exf4 28. Qxg6 Rf6 29. Qg4 Qxg4 30. Nxg4 Rg6 31. cxd4 h5 32. Nge5 Nxe5 33. dxe5
Rxa6 34. Rxa6 Rc8 35. g3 fxg3 36. hxg3 Rc2 37. Ra8+ Kf7 38. Ra7+ Kf8 39. b3 Rc3
40. Kg2 Rxb3 41. Nd4 1-0

[Event "NB1 Charousek csoport"]
[Site "Komlo"]
[Date "2024.11.03"]
[Round "1.4"]
[White "Benedek, Istvan"]
[Black "Sardy, Peter Dr"]
[Result "1/2-1/2"]
[WhiteElo "2207"]
[BlackElo "2353"]
[PlyCount "97"]
[EventDate "2024.11.03"]
[EventType "team-tourn"]
[EventRounds "11"]
[EventCountry "HUN"]
[Source "chess.hu"]
[SourceDate "2024.11.04"]
[WhiteTeam "Komloi BSK"]
[BlackTeam "Haladas VSE"]
[WhiteTeamCountry "HUN"]
[BlackTeamCountry "HUN"]

1. e4 d6 2. d4 Nf6 3. Nc3 Nc6 4. f3 e5 5. d5 Ne7 6. Be3 c6 7. Qd2 cxd5 8. exd5
a6 9. O-O-O b5 10. a3 Bb7 11. Bg5 Qb6 12. Bxf6 gxf6 13. Nge2 h5 14. f4 O-O-O
15. g3 Kb8 16. Bh3 h4 17. Qd3 Qc5 18. Kb1 Bg7 19. f5 Bh6 20. g4 Bg5 21. Nc1
Bxc1 22. Kxc1 Rc8 23. Rd2 b4 24. axb4 Qxb4 25. Re1 Rc4 26. Re4 Rhc8 27. Bf1
Rxe4 28. Qxe4 Qa5 29. Bc4 Qa1+ 30. Nb1 Qa4 31. b3 Qb4 32. Kb2 a5 33. Qd3 Rc7
34. Na3 Bc8 35. Nb5 Rb7 36. Nc3 a4 37. Ne4 axb3 38. Bxb3 Ra7 39. Kb1 Ba6 40.
Qe3 Bb7 41. Nxf6 Ra5 42. c4 Ra3 43. Rb2 Nc8 44. c5 Ka8 45. cxd6 Nxd6 46. Ra2
Nc4 47. Rxa3+ Nxa3+ 48. Ka2 Nb5 49. Qc1 1/2-1/2

[Event "NB1 Charousek csoport"]
[Site "Komlo"]
[Date "2024.11.03"]
[Round "1.5"]
[White "Krstic, Uros"]
[Black "Ivan, Attila"]
[Result "1/2-1/2"]
[WhiteElo "2303"]
[BlackElo "2221"]
[PlyCount "24"]
[EventDate "2024.11.03"]
[EventType "team-tourn"]
[EventRounds "11"]
[EventCountry "HUN"]
[Source "chess.hu"]
[SourceDate "2024.11.04"]
[WhiteTeam "Haladas VSE"]
[BlackTeam "Komloi BSK"]
[WhiteTeamCountry "HUN"]
[BlackTeamCountry "HUN"]

1. e4 e5 2. Bc4 Nf6 3. d3 Nc6 4. Nc3 Be7 5. f4 d6 6. Nf3 Bg4 7. h3 Be6 8. f5
Bxc4 9. dxc4 Nd7 10. Be3 Bh4+ 11. Nxh4 Qxh4+ 12. Bf2 Qh6 1/2-1/2

[Event "NB1 Charousek csoport"]
[Site "Komlo"]
[Date "2024.11.03"]
[Round "1.6"]
[White "Kresz, Adam"]
[Black "Rovid, Kalman"]
[Result "1-0"]
[WhiteElo "2188"]
[BlackElo "2150"]
[PlyCount "47"]
[EventDate "2024.11.03"]
[EventType "team-tourn"]
[EventRounds "11"]
[EventCountry "HUN"]
[Source "chess.hu"]
[SourceDate "2024.11.04"]
[WhiteTeam "Komloi BSK"]
[BlackTeam "Haladas VSE"]
[WhiteTeamCountry "HUN"]
[BlackTeamCountry "HUN"]

1. e4 c5 2. Nf3 Nc6 3. d4 cxd4 4. Nxd4 e6 5. Nc3 Qc7 6. g3 Nf6 7. Bg2 Nxd4 8.
Qxd4 Bc5 9. Qd3 a6 10. O-O d6 11. Be3 Bd7 12. Rad1 Bc6 13. Bxc5 dxc5 14. e5
Bxg2 15. exf6 Bxf1 16. fxg7 Rg8 17. Qxh7 Ke7 18. Kxf1 Qc6 19. Ne4 Rxg7 20. Qxg7
Qxe4 21. Qg5+ Kf8 22. Qxc5+ Ke8 23. Rd4 Qh1+ 24. Ke2 1-0

[Event "NB1 Charousek csoport"]
[Site "Komlo"]
[Date "2024.11.03"]
[Round "1.7"]
[White "Apro, Barnabas"]
[Black "Amrein, Roland"]
[Result "1-0"]
[WhiteElo "2112"]
[BlackElo "2163"]
[PlyCount "115"]
[EventDate "2024.11.03"]
[EventType "team-tourn"]
[EventRounds "11"]
[EventCountry "HUN"]
[Source "chess.hu"]
[SourceDate "2024.11.04"]
[WhiteTeam "Haladas VSE"]
[BlackTeam "Komloi BSK"]
[WhiteTeamCountry "HUN"]
[BlackTeamCountry "HUN"]

1. e4 Nf6 2. e5 Nd5 3. d4 d6 4. Nf3 Bg4 5. Be2 c6 6. O-O Bxf3 7. Bxf3 dxe5 8.
dxe5 e6 9. Qe2 Nd7 10. c4 Ne7 11. b3 Ng6 12. Bb2 Qg5 13. Be4 Nf4 14. Qf3 Nxe5
15. Bxe5 Qxe5 16. Nc3 Bd6 17. Rfe1 Qa5 18. Rad1 Rd8 19. Kh1 O-O 20. g3 Bb4 21.
Qxf4 Bxc3 22. Rf1 f5 23. Bb1 Bd2 24. Qf3 g6 25. a3 e5 26. b4 Qa4 27. c5 Qb5 28.
Ba2+ Kg7 29. Qb3 Qe2 30. Qe6 h5 31. Kg1 Bg5 32. Rde1 Qf3 33. Qxe5+ Kh6 34. h4
Bd2 35. Rd1 Rd7 36. Bc4 f4 37. Rxd2 Rf5 38. Qe2 Qxe2 39. Rxe2 Rd4 40. Be6 Rf8
41. Bh3 Rd3 42. Kh2 Rxa3 43. Re7 b6 44. Re6 Rb3 45. Re4 b5 46. gxf4 a5 47. bxa5
Rc3 48. f5 Rxc5 49. Re6 Rc2 50. Rxg6+ Kh7 51. Bg2 c5 52. Rb6 Rc4 53. f6 Rxh4+
54. Kg3 Rg4+ 55. Kh3 b4 56. a6 Rd8 57. a7 Rd3+ 58. Kh2 1-0

[Event "NB1 Charousek csoport"]
[Site "Komlo"]
[Date "2024.11.03"]
[Round "1.8"]
[White "Kresz, Tamas"]
[Black "Bardics, Marko"]
[Result "1-0"]
[WhiteElo "2096"]
[BlackElo "1963"]
[PlyCount "80"]
[EventDate "2024.11.03"]
[EventType "team-tourn"]
[EventRounds "11"]
[EventCountry "HUN"]
[Source "chess.hu"]
[SourceDate "2024.11.04"]
[WhiteTeam "Komloi BSK"]
[BlackTeam "Haladas VSE"]
[WhiteTeamCountry "HUN"]
[BlackTeamCountry "HUN"]

1. Nf3 d5 2. e3 Nf6 3. b3 c6 4. Bb2 Bf5 5. Nh4 Bg4 6. Be2 Bxe2 7. Qxe2 h5 8. f4
g6 9. O-O Bg7 10. d3 O-O 11. Nd2 Nbd7 12. Ndf3 e6 13. e4 Qb6+ 14. Kh1 Ng4 15.
Bxg7 Kxg7 16. h3 Qe3 17. Qxe3 Nxe3 18. Rf2 Rh8 19. g3 dxe4 20. dxe4 Nf6 21. Re2
Nxc2 22. Rxc2 Nxe4 23. Kg2 Rhd8 24. Re1 Nf6 25. Ne5 Rd6 26. Nhf3 Nh7 27. Ree2
Rad8 28. Red2 Rd5 29. Rxd5 exd5 30. Kf2 f6 31. Nd3 Kf7 32. b4 Nf8 33. g4 hxg4
34. hxg4 Ne6 35. Kg3 Rd6 36. Nc5 Nd8 37. g5 b6 38. Nd3 fxg5 39. Nxg5+ Kf6 40.
Ne5 Kg7 1-0

[Event "NB1 Charousek csoport"]
[Site "Komlo"]
[Date "2024.11.03"]
[Round "1.9"]
[White "Gutmann, Alois"]
[Black "Jaro, Benjamin"]
[Result "1/2-1/2"]
[WhiteElo "1998"]
[BlackElo "2022"]
[PlyCount "97"]
[EventDate "2024.11.03"]
[EventType "team-tourn"]
[EventRounds "11"]
[EventCountry "HUN"]
[Source "chess.hu"]
[SourceDate "2024.11.04"]
[WhiteTeam "Haladas VSE"]
[BlackTeam "Komloi BSK"]
[WhiteTeamCountry "HUN"]
[BlackTeamCountry "HUN"]

1. Nc3 d5 2. e4 d4 3. Nce2 e5 4. Nf3 Nc6 5. Ng3 Be6 6. Bb5 Bd6 7. Nh5 Kf8 8. d3
g6 9. Ng3 f6 10. c3 Nge7 11. Bh6+ Kf7 12. h4 a6 13. Ba4 b5 14. Bb3 Qd7 15. Rc1
dxc3 16. bxc3 Bxb3 17. Qxb3+ Qe6 18. Qxe6+ Kxe6 19. O-O Rhd8 20. d4 Na5 21.
dxe5 Bxe5 22. Nxe5 fxe5 23. f4 exf4 24. Ne2 c5 25. Nxf4+ Kd6 26. Nd3 Ng8 27.
Bf4+ Kc6 28. Ne5+ Kb6 29. Bg5 Re8 30. Nf7 Nc4 31. e5 Nxe5 32. Rcd1 Nc6 33. Rd7
h6 34. Nxh6 Nxh6 35. Bxh6 Re6 36. Bf4 Ra7 37. Rfd1 Rxd7 38. Rxd7 c4 39. Kf2 a5
40. g4 b4 41. cxb4 axb4 42. h5 gxh5 43. gxh5 Ne5 44. Be3+ Kc6 45. Rg7 b3 46.
axb3 cxb3 47. Bd4 Nd3+ 48. Kf3 b2 49. Bxb2 1/2-1/2

[Event "NB1 Charousek csoport"]
[Site "Komlo"]
[Date "2024.11.03"]
[Round "1.10"]
[White "Solty, Laszlo"]
[Black "Horvath, Reka"]
[Result "1-0"]
[WhiteElo "2058"]
[BlackElo "2014"]
[PlyCount "69"]
[EventDate "2024.11.03"]
[EventType "team-tourn"]
[EventRounds "11"]
[EventCountry "HUN"]
[Source "chess.hu"]
[SourceDate "2024.11.04"]
[WhiteTeam "Komloi BSK"]
[BlackTeam "Haladas VSE"]
[WhiteTeamCountry "HUN"]
[BlackTeamCountry "HUN"]

1. e4 c5 2. b3 d6 3. g3 b6 4. Bg2 Bb7 5. d3 e6 6. Qe2 Nd7 7. Bb2 Ngf6 8. Nd2
Qc7 9. f4 Be7 10. Ngf3 O-O 11. a4 a6 12. O-O b5 13. h3 bxa4 14. Rxa4 Nb6 15.
Ra2 Rfe8 16. g4 d5 17. Be5 Qd8 18. Bc3 Rc8 19. Ba5 Nfd7 20. c4 Bf8 21. e5 Qc7
22. Qf2 Qb8 23. Re1 Na8 24. Rb2 Nc7 25. Nf1 Bc6 26. Ng3 dxc4 27. bxc4 Qa7 28.
Ng5 Bxg2 29. Qxg2 Rb8 30. Rbe2 Rb3 31. Qc6 Rxd3 32. Kh2 Na8 33. Qe4 f5 34. exf6
Nxf6 35. Qxd3 1-0

[Event "NB1 Charousek csoport"]
[Site "Komlo"]
[Date "2024.11.03"]
[Round "1.11"]
[White "Toth, Tibor"]
[Black "Csiszar, Viktoria"]
[Result "1/2-1/2"]
[WhiteElo "1978"]
[BlackElo "1905"]
[PlyCount "23"]
[EventDate "2024.11.03"]
[EventType "team-tourn"]
[EventRounds "11"]
[EventCountry "HUN"]
[Source "chess.hu"]
[SourceDate "2024.11.04"]
[WhiteTeam "Haladas VSE"]
[BlackTeam "Komloi BSK"]
[WhiteTeamCountry "HUN"]
[BlackTeamCountry "HUN"]

1. d4 Nf6 2. Nc3 c5 3. d5 d6 4. e4 g6 5. h3 Bg7 6. Nf3 O-O 7. Be2 Bd7 8. a4 Na6
9. Nd2 Nc7 10. O-O a6 11. a5 Nb5 12. Re1 1/2-1/2

[Event "NB1 Charousek csoport"]
[Site "Komlo"]
[Date "2024.11.03"]
[Round "1.12"]
[White "Pater, Peter"]
[Black "Barasits, Tibor"]
[Result "1-0"]
[WhiteElo "2019"]
[BlackElo "1740"]
[PlyCount "51"]
[EventDate "2024.11.03"]
[EventType "team-tourn"]
[EventRounds "11"]
[EventCountry "HUN"]
[Source "chess.hu"]
[SourceDate "2024.11.04"]
[WhiteTeam "Komloi BSK"]
[BlackTeam "Haladas VSE"]
[WhiteTeamCountry "HUN"]
[BlackTeamCountry "HUN"]

1. d4 d5 2. c4 e6 3. Nf3 Nf6 4. g3 a6 5. Bg2 dxc4 6. Ne5 Ra7 7. a4 c5 8. Be3
Nd5 9. O-O Nxe3 10. fxe3 b6 11. Nc3 Bb7 12. Nxf7 Bxg2 13. Nxd8 Bxf1 14. Nxe6
Bh3 15. Nf4 Bf5 16. e4 cxd4 17. exf5 dxc3 18. bxc3 Bc5+ 19. Kg2 Rd7 20. Qc2 Be7
21. Ne6 Kf7 22. Rd1 Bd6 23. Qe4 Kf6 24. Qxc4 Kxf5 25. Rf1+ Ke5 26. Nd4 1-0

[Event "NB1 Charousek csoport"]
[Site "Alsoszolnok"]
[Date "2024.11.03"]
[Round "1.1"]
[White "Szabo, Marton Mihaly"]
[Black "Seres, Lajos"]
[Result "1/2-1/2"]
[WhiteElo "2284"]
[BlackElo "2309"]
[PlyCount "51"]
[EventDate "2024.11.03"]
[EventType "team-tourn"]
[EventRounds "11"]
[EventCountry "HUN"]
[Source "chess.hu"]
[SourceDate "2024.11.04"]
[WhiteTeam "Esztergomi SC"]
[BlackTeam "SZ-A STE"]
[WhiteTeamCountry "HUN"]
[BlackTeamCountry "HUN"]

1. e4 c5 2. Nf3 Nc6 3. Bb5 g6 4. Bxc6 bxc6 5. O-O Bg7 6. Re1 Nh6 7. c3 O-O 8.
d3 d6 9. h3 f6 10. d4 cxd4 11. cxd4 Nf7 12. d5 c5 13. Nc3 Rb8 14. Qc2 f5 15.
exf5 Bxf5 16. Qe2 Rb7 17. g4 Bc8 18. Ng5 Nxg5 19. Bxg5 Qb6 20. Rab1 Rf7 21. Ne4
Bd7 22. Be3 Qb5 23. Qd2 Qb4 24. Ng5 Rf8 25. Qxb4 cxb4 26. Bd2 1/2-1/2

[Event "NB1 Charousek csoport"]
[Site "Alsoszolnok"]
[Date "2024.11.03"]
[Round "1.2"]
[White "Magold, Filip"]
[Black "Ress, Tamas"]
[Result "1/2-1/2"]
[WhiteElo "2405"]
[BlackElo "2230"]
[PlyCount "83"]
[EventDate "2024.11.03"]
[EventType "team-tourn"]
[EventRounds "11"]
[EventCountry "HUN"]
[Source "chess.hu"]
[SourceDate "2024.11.04"]
[WhiteTeam "SZ-A STE"]
[BlackTeam "Esztergomi SC"]
[WhiteTeamCountry "HUN"]
[BlackTeamCountry "HUN"]

1. e4 d5 2. exd5 Qxd5 3. Nf3 Bg4 4. Be2 Nf6 5. h3 Bxf3 6. Bxf3 Qe5+ 7. Be2 Nc6
8. c3 O-O-O 9. O-O Qf5 10. d4 e5 11. Be3 h5 12. Bd3 Qd7 13. Qf3 Kb8 14. Bb5 e4
15. Qe2 Bd6 16. Nd2 Rde8 17. Qc4 Nd5 18. Kh1 Bf4 19. Bxc6 bxc6 20. Nb3 Ka8 21.
Nc5 Qd6 22. Rae1 f5 23. a3 h4 24. Qa6 Rb8 25. c4 Bxe3 26. fxe3 Ne7 27. b4 g5
28. Qa5 g4 29. Na6 gxh3 30. gxh3 Qg3 31. Qxc7 Qxh3+ 32. Qh2 Qxh2+ 33. Kxh2 Rbg8
34. Nc7+ Kb7 35. Ne6 Rg3 36. Nf4 Rhg8 37. Re2 R8g5 38. a4 Ng8 39. Ne6 Rg6 40.
Nf4 R6g5 41. Ne6 Rg6 42. Nf4 1/2-1/2

[Event "NB1 Charousek csoport"]
[Site "Alsoszolnok"]
[Date "2024.11.03"]
[Round "1.3"]
[White "Gyenes, Mate"]
[Black "Dankhazi, Andras"]
[Result "1/2-1/2"]
[WhiteElo "2213"]
[BlackElo "2330"]
[PlyCount "146"]
[EventDate "2024.11.03"]
[EventType "team-tourn"]
[EventRounds "11"]
[EventCountry "HUN"]
[Source "chess.hu"]
[SourceDate "2024.11.04"]
[WhiteTeam "Esztergomi SC"]
[BlackTeam "SZ-A STE"]
[WhiteTeamCountry "HUN"]
[BlackTeamCountry "HUN"]

1. e4 e5 2. Nf3 Nc6 3. Bc4 Bc5 4. O-O Nf6 5. d3 d6 6. c3 a5 7. a4 h6 8. Be3
Bxe3 9. fxe3 O-O 10. Nbd2 Be6 11. Bxe6 fxe6 12. Qb3 Qd7 13. d4 b6 14. Rad1 exd4
15. exd4 d5 16. Rde1 Rae8 17. Re2 Ne7 18. Ne5 Qd6 19. exd5 exd5 20. Rfe1 Nc6
21. Ndc4 Qe6 22. Nxc6 Qxc6 23. Ne5 Qd6 24. Qb5 c5 25. dxc5 bxc5 26. Qc6 Re6 27.
Qxd6 Rxd6 28. c4 d4 29. Nd3 Nd7 30. Re6 Rf6 31. Rxd6 Rxd6 32. Re8+ Kf7 33. Ra8
Rb6 34. Rxa5 Rb3 35. Nxc5 Nxc5 36. Rxc5 Rxb2 37. Rd5 Ra2 38. Rxd4 Rxa4 39. Rd7+
Kg6 40. c5 Rc4 41. Rc7 Rc2 42. Rc8 Kf6 43. c6 Ke6 44. Rg8 Rxc6 45. Rxg7 Ke5 46.
Rf7 Rf6 47. Rxf6 Kxf6 48. Kf2 h5 49. Ke2 Ke6 50. Ke3 Ke5 51. Kd3 Kd5 52. Kc2
Kc6 53. Kc1 Kc7 54. Kd1 Kd7 55. Ke2 Ke6 56. Ke3 Ke5 57. Kd3 Kd5 58. Kc3 Kc5 59.
Kd3 Kd5 60. Ke3 Ke5 61. Kf2 Kf6 62. Kg1 Kg7 63. g3 Kf6 64. Kg2 Kf5 65. h3 Kg6
66. Kg1 Kf5 67. Kf2 Ke6 68. Ke1 Ke5 69. Kd2 Kd6 70. Kc3 Kc5 71. Kd3 Kd5 72. Ke3
Ke5 73. Kf3 Kf5 1/2-1/2

[Event "NB1 Charousek csoport"]
[Site "Alsoszolnok"]
[Date "2024.11.03"]
[Round "1.4"]
[White "Takacs, Balazs"]
[Black "Szucs, Vladimir"]
[Result "1-0"]
[WhiteElo "2320"]
[BlackElo "2129"]
[PlyCount "115"]
[EventDate "2024.11.03"]
[EventType "team-tourn"]
[EventRounds "11"]
[EventCountry "HUN"]
[Source "chess.hu"]
[SourceDate "2024.11.04"]
[WhiteTeam "SZ-A STE"]
[BlackTeam "Esztergomi SC"]
[WhiteTeamCountry "HUN"]
[BlackTeamCountry "HUN"]

1. Nf3 d5 2. g3 c6 3. Bg2 Nf6 4. c4 Bf5 5. O-O e6 6. d3 dxc4 7. dxc4 Qxd1 8.
Rxd1 Nbd7 9. Nc3 Bc5 10. Nh4 Bc2 11. Rd2 Bg6 12. b3 O-O-O 13. Bb2 Ng4 14. e3
Nxe3 15. Nxg6 hxg6 16. Ne4 Nxg2 17. Rxd7 Bxf2+ 18. Nxf2 Rxd7 19. Kxg2 f6 20.
Bc1 e5 21. Be3 a6 22. Re1 f5 23. h4 Re8 24. Bf4 Rde7 25. Bg5 Rd7 26. Kf3 Re6
27. Bf4 Rde7 28. Bd2 b6 29. Be3 Kc7 30. Rd1 Re8 31. Nh3 c5 32. Nf2 Rd6 33. Rc1
Red8 34. Ke2 Kc6 35. Nd1 Re6 36. Bg5 Rd4 37. Be3 Rd7 38. Nc3 Re8 39. a4 Ra8 40.
Rf1 Re8 41. Nd5 Ra8 42. Ra1 a5 43. Rf1 Re8 44. h5 f4 45. gxf4 gxh5 46. f5 Rf8
47. Bg5 Rh8 48. Bh4 Kd6 49. Rg1 Rh6 50. Ke3 g6 51. fxg6 Rg7 52. Ne7 Ke6 53. Ke4
Rh8 54. Nf5 Rd7 55. g7 Rg8 56. Rg6+ Kf7 57. Rf6+ Ke8 58. Kxe5 1-0